| 000 | 00931nam a2200241Ia 4500 | ||
|---|---|---|---|
| 003 | OSt | ||
| 005 | 20221002050136.0 | ||
| 006 | a|||||r|||| 00| 0 | ||
| 007 | ta | ||
| 008 | 220930b |||||||| |||| 00| 0 hin d | ||
| 020 |
_a9788187303718 (hbk) _cIndian Rupees 795 |
||
| 024 | _a70884 | ||
| 037 |
_bGift, 12/12/2021, _cReference Collections |
||
| 040 |
_aCRL _cCRL _bhin |
||
| 041 |
_2hin _ahin |
||
| 082 | _aQ2:31k, Q7(RR) | ||
| 100 | _aनिशांतकेतु, संपा. | ||
| 245 | 0 |
_aभारमीय देवता और आर्य की वंश - परम्परा _b नाम कोश |
|
| 260 |
_aदिल्ली _b साहित्य केन्द्र प्रकाशन _c2017 |
||
| 300 |
_a191पृ0 _ccm. |
||
| 942 |
_hQ2:31k, Q7(RR) _cref _2CC |
||
| 999 |
_c913985 _d913985 |
||